Ultimate Adventure Time Quiz - Statistics

General Stats
  • This quiz has been taken 277 times
  • The average score is 15 of 18
Answer Stats
Hint Answer % Correct
Boy Hero Finn
100%
Shapeshifting Dog Jake
100%
Friend of the two above, and is their games machine BMO
97%
Queen of the vampires Marceline
97%
Queen of Candy Kingdom Princess Bubblegum
97%
Wizard who steals princesses The Ice King
97%
What is the name of the land the series takes place? The Land of Ooo
94%
The name of the Wizard's favourite pet Gunter
92%
What gives the Wizard his powers? His Crown
90%
Dog's Girlfriend Lady Rainicorn
90%
Queen of the Fire Kingdomn Fire princess
88%
The Wizard's Pets Penguins
87%
What is the Wizard's previous name? Simon Petrikov
85%
The princess of candy Kingdom servent pepper
84%
The boy hero's,hero Billy
79%
A elephant friend of the two main characters Tree trunks
76%
What is the name of another being that could be human? Susan Strong
73%
What came before the Land of Ooo? The Mushroom War
10%
No matching quizzes found
Score Distribution
Percent of People with Each Score
Percentile by Number Answered
Your Score History
You have not taken this quiz